Evaluación del índice de daño en elementos de concreto reforzado, en escala 1/3
Uloženo v:
| Hlavní autor: | |
|---|---|
| Médium: | Kniha |
| Vydáno: |
San José, Costa Rica
2000
|
| Témata: | |
| Tagy: |
Přidat tag
Žádné tagy, Buďte první, kdo vytvoří štítek k tomuto záznamu!
|
MARC
| LEADER | 00000nam a2200000Ia 4500 | ||
|---|---|---|---|
| 003 | 008562 | ||
| 005 | 20240808153752.0 | ||
| 008 | 140114s2000 cr a m 000 ||s d | ||
| 040 | |c cru CEDI | ||
| 090 | |a TFG 4186 | ||
| 100 | |a Vega Ramírez, Randal Alexander, 1973- |9 3500 | ||
| 245 | |a Evaluación del índice de daño en elementos de concreto reforzado, en escala 1/3 | ||
| 260 | |a San José, Costa Rica |c 2000 | ||
| 300 | |a 81 hojas , [69 hojas] : ilustraciones, fotografías color | ||
| 500 | |a Tesis (licenciatura en ingeniería civil)--Universidad de Costa Rica. Facultad de Ingeniería. Escuela de Ingeniería Civil | ||
| 501 | |a Director de Tesis de Graduación: Ing. Miguel Cruz, Dr. Sc. | ||
| 650 | |x HORMIGON ARMADO |x CONSTRUCCIONES ANTISISMICAS |x DISEÑO DE ESTRUCTURAS |9 8185 | ||
| 942 | |c TFG |h TFG 4186 |i 008562 |6 TFG_4186_008562000000000 | ||
| 999 | |c 18290 |d 18290 | ||
